Classic nursery rhymes

Bibliographic Details
Format: Book
Published: U.S.A : Beehive Books , 1984
Subjects:

MARC

LEADER 00000cam a2200000 7i4500
001 0000002580
002 000002807
005 20070110.0
020 |a 0750090278 
090 0 0 |a JF   |b CLA 
245 0 0 |a Classic nursery rhymes   |c illustrated by Frederick Richardson 
260 |a U.S.A :   |b Beehive Books ,   |c 1984 
300 |a 117 p. :   |b ill. ;   |c 31 cm. 
650 0 0 |a Nursery rhymes 
999 |a 036254   |b BUKU   |c JUNIOR BOOKS   |e PERPUSTAKAAN KOMUNITI PETALING JAYA